Song Quiz: The White Stripes - Statistics

General Stats
  • This quiz has been taken 26 times
  • The average score is 35 of 86
Answer Stats
Answer % Correct
Blue Orchid
88%
Icky Thump
88%
Seven Nation Army
82%
Conquest
71%
Fell In Love With a Girl
71%
The Nurse
71%
Dead Leaves and the Dirty Ground
65%
Hotel Yorba
65%
Little Ghost
59%
300 M.P.H. Torrential Outpour Blues
53%
Aluminum
53%
Black Math
53%
Hello Operator
53%
Jimmy the Exploder
53%
My Doorbell
53%
The Big Three Killed My Baby
53%
The Denial Twist
53%
You Don't Know What Love Is (You Just Do as You're Told)
53%
You're Pretty Good Looking (For a Girl)
53%
Apple Blossom
47%
Astro
47%
Do
47%
I Think I Smell a Rat
47%
Screwdriver
47%
The Hardest Button to Button
47%
White Moon
47%
A Martyr for My Love for You
41%
Ball and Biscuit
41%
Bone Broke
41%
Catch Hell Blues
41%
Girl, You Have No Faith in Medicine
41%
I Can't Wait
41%
I Fought Piranhas
41%
I Just Don't Know What to Do with Myself
41%
In the Cold, Cold Night
41%
Little Bird
41%
Little Cream Soda
41%
Little People
41%
Offend in Every Way
41%
Passive Manipulation
41%
Red Rain
41%
St. Andrew (This Battle Is in the Air)
41%
St. James Infirmary Blues
41%
Stop Breaking Down
41%
Take, Take, Take
41%
The Air Near My Fingers
41%
We're Going to be Friends
41%
Your Southern Can Is Mine
41%
You've Got Her in Your Pocket
41%
As Ugly as I Seem
35%
Death Letter
35%
Expecting
35%
Hypnotize
35%
I'm Finding It Harder to Be a Gentleman
35%
I'm Lonely (But I Ain't That Lonely Yet)
35%
Jumble, Jumble
35%
Little Acorns
35%
One More Cup of Coffee
35%
Rag and Bone
35%
Sister, Do You Know My Name?
35%
Suzy Lee
35%
The Union Forever
35%
Well It's True That We Love One Another
35%
Broken Bricks
29%
Effect and Cause
29%
I Can Learn
29%
I'm Bound to Pack It Up
29%
I'm Slowly Turning into You
29%
I Want to Be the Boy to Warm Your Mother's Heart
29%
Let's Build a Home
29%
Now Mary
29%
Prickly Thorn, but Sweetly Worn
29%
Sugar Never Tasted So Good
29%
This Protector
29%
When I Hear My Name
29%
Why Can't You Be Nicer to Me?
29%
A Boy's Best Friend
24%
Cannon
24%
Instinct Blues
24%
There's No Home for You Here
24%
Slicker Drips
18%
The Same Boy You've Always Known
18%
Truth Doesn't Make a Noise
18%
Wasting My Time
18%
Forever for Her (Is Over for Me)
12%
Little Girl
6%
No matching quizzes found
Score Distribution
Percent of People with Each Score
Percentile by Number Answered
Your Score History
You have not taken this quiz